| 000 | 00420pab a2200157 454500 | ||
|---|---|---|---|
| 008 | 180718b2003 xxu||||| |||| 00| 0 eng d | ||
| 100 | _aCaragata, Lea | ||
| 245 | _aNeoconservative realities: the social and economic marginalization of Canadian women | ||
| 260 | _c2003 | ||
| 300 | _ap.559-80. | ||
| 362 | _aSep | ||
| 650 | _aWomen - Canada | ||
| 650 | _aWomen | ||
| 773 | _aInternational Sociology | ||
| 909 | _a58225 | ||
| 999 |
_c58225 _d58225 |
||